000 00408nam a2200181Ia 4500
001 2300
005 20260306144756.0
008 260306t2008||||xx |||||||||||||| ||spa||
041 _aESP
082 _a616.858
_bB38
100 _aBelloch Fuster, Amparo
_eAUT
245 0 _aTrastornos de la personalidad
260 _c2008
300 _a
_c
650 _aGEN
654 _aCPS
942 _cLIB
_dJUS
_fJUS
_2ddc
_n
999 _c2300
_d2300